[Event "Campo Grande Sul Mato op"]
[Site "Campo Grande"]
[Date "2015.09.06"]
[Round "3"]
[White "Cespedes, Roman Josemar"]
[Black "De Souza, Luiz Alberto Rodrig"]
[Result "1-0"]
[WhiteElo "1809"]
[BlackElo "2057"]
[PlyCount "95"]
[EventDate "2015.09.05"]
[EventType "swiss"]
[EventRounds "6"]
[EventCountry "BRA"]
[SourceTitle "EXT 2016"]
[Source "ChessBase"]
[SourceDate "2015.10.08"]
[SourceVersion "1"]
[SourceVersionDate "2015.10.08"]
[SourceQuality "1"]

1. c4 e5 2. Nc3 Nf6 3. e4 Nc6 4. Nf3 Bc5 5. d3 h6 6. a3 a5 7. Be3 d6 8. h3 Be6 9. Be2 Qd7 10. d4 exd4 11. Nxd4 Nxd4 12. Bxd4 Bxd4 13. Qxd4 0-0 14. Rd1 Rfe8 15. f3 Nh5 16. Kf2 Qe7 17. h4 g5 18. hxg5 Qxg5 19. g4 Nf4 20. Rdg1 Kh7 21. Rh2 Rh8 22. Rgh1 Kg6 23. Bd1 Qc5 24. Qxc5 dxc5 25. Ke3 Kg5 26. e5 Bxc4 27. Ne4+ Kg6 28. Kxf4 b6 29. Bc2 Kg7 30. Nf6 Rad8 31. Nh5+ Kf8 32. Rd1 Rd4+ 33. Rxd4 cxd4 34. Ke4 c5 35. Nf6 Kg7 36. f4 Bb5 37. b3 Kg6 38. f5+ Kg7 39. Nh5+ Kh7 40. Bd3 Bc6+ 41. Kf4 Rd8 42. f6+ Kg8 43. Ng7 Bd5 44. Rxh6 Bxb3 45. Bh7+ Kf8 46. Bc2 Kg8 47. Bxb3 b5 48. Nf5 1-0

[Event "Campo Grande Sul Mato op"]
[Site "Campo Grande"]
[Date "2015.09.06"]
[Round "4"]
[White "Duailibi, Ricardo Miguel"]
[Black "Cespedes, Roman Josemar"]
[Result "1-0"]
[WhiteElo "1930"]
[BlackElo "1809"]
[PlyCount "131"]
[EventDate "2015.09.05"]
[EventType "swiss"]
[EventRounds "6"]
[EventCountry "BRA"]
[SourceTitle "EXT 2016"]
[Source "ChessBase"]
[SourceDate "2015.10.08"]
[SourceVersion "1"]
[SourceVersionDate "2015.10.08"]
[SourceQuality "1"]

1. e4 d5 2. exd5 Qxd5 3. Nc3 Qd6 4. d4 c6 5. Nf3 Nf6 6. Be2 Bf5 7. 0-0 e6 8. Re1 Be7 9. Bg5 0-0 10. Nh4 Bg6 11. Nxg6 hxg6 12. Qd2 Qd8 13. Rad1 Nbd7 14. Bf3 Rc8 15. h4 Re8 16. Ne2 Nf8 17. g3 N8h7 18. Be3 Nd5 19. Kg2 Nhf6 20. Bg5 Qb6 21. c3 a5 22. Rh1 Qd8 23. Rh2 Nh7 24. Rdh1 Kf8 25. Be4 Ndf6 26. Bc2 Nxg5 27. hxg5 Ng8 28. f4 Qd5+ 29. Kf2 c5 30. Bb3 c4 31. Bc2 b5 32. Qe3 Qd7 33. Rh8 Bd6 34. R1h7 b4 35. g4 bxc3 36. bxc3 Bb8 37. Rxg8+ Kxg8 38. Qh3 Kf8 39. f5 exf5 40. gxf5 Ke7 41. f6+ Kd8 42. Qxd7+ Kxd7 43. Ba4+ Ke6 44. Bxe8 Rxe8 45. fxg7 Rg8 46. Rh8 Rxg7 47. Rxb8 Kf5 48. Rb5+ Ke4 49. Rxa5 Rh7 50. Re5+ Kd3 51. Kg2 Rh8 52. a4 Ra8 53. a5 Ra6 54. Kg3 Rd6 55. Kg4 f6 56. Re6 f5+ 57. Kg3 Rd7 58. a6 Rf7 59. d5 f4+ 60. Nxf4+ Kxc3 61. d6 Kd2 62. Re7 Rf8 63. d7 Rd8 64. Ne6 c3 65. Nxd8 c2 66. Nb7 1-0

[Event "Campo Grande op 2nd"]
[Site "Campo Grande"]
[Date "2014.09.06"]
[Round "3"]
[White "Lopes, Marcelo Ferreira"]
[Black "Cespedes, Roman Josemar"]
[Result "1-0"]
[WhiteElo "2026"]
[BlackElo "1800"]
[PlyCount "69"]
[EventDate "2014.09.05"]
[EventType "swiss"]
[EventRounds "5"]
[EventCountry "BRA"]
[SourceTitle "CBM 162 Extra"]
[Source "ChessBase"]
[SourceDate "2014.10.17"]
[SourceVersion "1"]
[SourceVersionDate "2014.10.17"]
[SourceQuality "1"]

1. e4 d5 2. exd5 Qxd5 3. Nc3 Qa5 4. Bc4 Nf6 5. d3 c6 6. f4 g6 7. Nge2 Bg7 8. h3 b5 9. Bb3 Qb6 10. Ng3 0-0 11. Qe2 e6 12. Be3 Qc7 13. 0-0 Bb7 14. Nge4 Nxe4 15. Nxe4 Bxb2 16. c3 Bxa1 17. Nf6+ Kg7 18. Bd4 Qd8 19. Ne8+ Kg8 20. Qe5 Qxd4+ 21. Qxd4 Rxe8 22. Rxa1 Na6 23. Qe5 Rac8 24. Re1 Nc7 25. h4 Nd5 26. Bxd5 cxd5 27. h5 gxh5 28. Re3 h4 29. Rh3 f5 30. Rxh4 Re7 31. Rh5 Rcc7 32. Rg5+ Kf7 33. Rg7+ Ke8 34. Qxc7 Rxc7 35. Rxc7 1-0

[Event "Ladario op 1st"]
[Site "Ladario"]
[Date "2013.11.17"]
[Round "5"]
[White "De Sa, Edivaldo Alves"]
[Black "Cespedes, Roman Josemar"]
[Result "1/2-1/2"]
[WhiteElo "2030"]
[BlackElo "1925"]
[PlyCount "123"]
[EventDate "2013.11.15"]
[EventType "swiss"]
[EventRounds "7"]
[EventCountry "BRA"]
[SourceTitle "EXT 2015"]
[Source "ChessBase"]
[SourceDate "2014.11.20"]
[SourceVersion "1"]
[SourceVersionDate "2014.11.20"]
[SourceQuality "1"]

1. d4 d5 2. Nf3 c5 3. c3 Nf6 4. e3 Nc6 5. Be2 e6 6. 0-0 Qc7 7. b3 Be7 8. Ba3 b6 9. Nbd2 0-0 10. Rc1 Bb7 11. Bd3 Rad8 12. Qe2 Qb8 13. Bb2 Bd6 14. h3 Rfe8 15. Rfe1 e5 16. dxe5 Nxe5 17. Bb1 Ng6 18. Nf1 Qa8 19. N1d2 a5 20. Bd3 Nf4 21. Qf1 Nxd3 22. Qxd3 Qc8 23. Qc2 Bb8 24. c4 dxc4 25. Qxc4 Qc6 26. Qf1 Rd7 27. Nc4 Qe6 28. Qe2 Ne4 29. Rcd1 Rxd1 30. Rxd1 f6 31. Qd3 h6 32. Qd7 Qxd7 33. Rxd7 Bc6 34. Rd1 Bc7 35. a4 Re7 36. Nh4 Kf7 37. Nf5 Rd7 38. Rxd7+ Bxd7 39. Nh4 b5 40. axb5 Bxb5 41. Na3 Bd3 42. Nf3 Be2 43. Ne1 Nd2 44. f3 Nxb3 45. Kf2 Ba6 46. Nec2 h5 47. h4 Ke6 48. g4 hxg4 49. fxg4 Be5 50. Bxe5 Kxe5 51. Ne1 Ke4 52. Nb1 Kd5 53. Kf3 Nc1 54. Na3 Nd3 55. e4+ Kd4 56. Nec2+ Kc3 57. h5 Ne5+ 58. Kf4 Nc4 59. g5 fxg5+ 60. Kxg5 Nxa3 61. Nxa3 Kd4 62. Kf4 1/2-1/2